Don't Click Randomly Quiz Stats

 Plays Quiz Updated Nov 16, 2016

Also try: Scrambled Eggs
Challenge
Share
Tweet
Embed
Score 0/20 Timer 02:00
0 Plays Today
% Correct
???
46.7%
???
46.5%
???
46.5%
???
46.3%
???
46.3%
???
46.2%
???
46.2%
???
46.2%
???
46.1%
???
45.8%
% Correct
???
45.8%
???
45.8%
???
45.8%
???
45.8%
???
45.7%
???
45.7%
???
45.6%
???
45.6%
???
45.4%
???
44%

You're not logged in!

Compare scores with friends on all Sporcle quizzes.
Join for Free
OR
Log In

You Might Also Like...

Show Comments

Extras

Top Quizzes Today


Score Distribution

Your Account Isn't Verified!

In order to create a playlist on Sporcle, you need to verify the email address you used during registration. Go to your Sporcle Settings to finish the process.

Report this User

Report this user for behavior that violates our Community Guidelines.

Details: